Libertad de expresión cinematográfica durante la II República española (1931-1936) (Registro nro. 60059)

Detalles MARC
000 -LEADER
fixed length control field 00621nam a22001817a 4500
005 - DATE AND TIME OF LATEST TRANSACTION
control field 20230328115626.0
008 - FIXED-LENGTH DATA ELEMENTS--GENERAL INFORMATION
fixed length control field 230113b sp ||||| |||| 00| 0 spa d
020 ## - INTERNATIONAL STANDARD BOOK NUMBER
International Standard Book Number 8470741187
050 04 - LIBRARY OF CONGRESS CALL NUMBER
Classification number PN1993.5.S7
Item number M37 2000
100 1# - MAIN ENTRY--PERSONAL NAME
Personal name Martínez-Bretón, Juan Antonio
245 10 - TITLE STATEMENT
Title Libertad de expresión cinematográfica durante la II República española (1931-1936)
Statement of responsibility, etc / Juan Antonio Martínez-Bretón.
250 ## - EDITION STATEMENT
Edition statement 1a ed.
260 ## - PUBLICATION, DISTRIBUTION, ETC. (IMPRINT)
Place of publication, distribution, etc Madrid :
Name of publisher, distributor, etc Fragua,
Date of publication, distribution, etc 2000
300 ## - PHYSICAL DESCRIPTION
Extent 158 p. ;
Dimensions 24 cm.
504 ## - BIBLIOGRAPHY, ETC. NOTE
Bibliography, etc Bibliografía : p. 153-158
651 #7 - SUBJECT ADDED ENTRY--GEOGRAPHIC NAME
Source of heading or term lemb
Geographic name España
General subdivision Cinematografía
-- Libertad expresión
942 ## - ADDED ENTRY ELEMENTS (KOHA)
Source of classification or shelving scheme Biblioteca del Cogreso de los Estados Unidos
Koha item type Libro
Existencias
Estado de pérdida Fuente de clasificación Estado del daño No para préstamo Ubicación permanente Ubicación actual Apartado o colección Fecha de adquisición Fuente de adquisición Edición Área del conocimiento Clasificación Código de Barras Date last seen Número de copia Costo por reposición Tipo de recurso
  Biblioteca del Cogreso de los Estados Unidos     Biblioteca del Posgrado en Derecho Biblioteca del Posgrado en Derecho Colección Ernesto Villanueva 28/03/2023 Donación 1a ed. Educación y Humanidades PN1993.5.S7 M37 2000 BPD000001898 28/03/2023 1 1.00 Libro